The Manager's book of questions : (Record no. 357167)
[ view plain ]
| 000 -LEADER | |
|---|---|
| fixed length control field | 00598nam a2200217Ia 4500 |
| 008 - FIXED-LENGTH DATA ELEMENTS--GENERAL INFORMATION | |
| fixed length control field | 180523s9999 xx 000 0 und d |
| 020 ## - INTERNATIONAL STANDARD BOOK NUMBER | |
| International Standard Book Number | 0-07-147043-3 |
| 050 ## - LIBRARY OF CONGRESS CALL NUMBER | |
| Classification number | MAIN HF 5549.5 |
| 050 ## - LIBRARY OF CONGRESS CALL NUMBER | |
| Item number | .I6K33 2006 |
| 100 ## - MAIN ENTRY--PERSONAL NAME | |
| Personal name | Kador, John. |
| 245 #4 - TITLE STATEMENT | |
| Title | The Manager's book of questions : |
| 245 #0 - TITLE STATEMENT | |
| Remainder of title | 1,001 great interview questions for hiring the best person / |
| 245 #0 - TITLE STATEMENT | |
| Statement of responsibility, etc | Kador, John. |
| 250 ## - EDITION STATEMENT | |
| Edition statement | Revised and Expanded Edition |
| 260 ## - PUBLICATION, DISTRIBUTION, ETC. (IMPRINT) | |
| Place of publication, distribution, etc | New York : |
| 260 ## - PUBLICATION, DISTRIBUTION, ETC. (IMPRINT) | |
| Name of publisher, distributor, etc | McGraw-Hill, |
| 260 ## - PUBLICATION, DISTRIBUTION, ETC. (IMPRINT) | |
| Date of publication, distribution, etc | 2007 |
| 300 ## - PHYSICAL DESCRIPTION | |
| Extent | 204 pages : |
| 300 ## - PHYSICAL DESCRIPTION | |
| Dimensions | 23 cm. |
| 650 ## - SUBJECT ADDED ENTRY--TOPICAL TERM | |
| Topical term or geographic name as entry element | Employment interviewing. |
| Withdrawn status | Lost status | Damaged status | Home library | Current library | Shelving location | Date acquired | Cost, normal purchase price | Total Checkouts | Full call number | Barcode | Date last seen | Price effective from | Koha item type |
|---|---|---|---|---|---|---|---|---|---|---|---|---|---|
| South Mansfield College | South Mansfield College | 06/18/2007 | 1.00 | MAIN HF 5549.5 .I6K33 2006 | SMC03600 | 05/23/2018 | 05/23/2018 |